| 000 | 00368nam a2200121 a 4500 | ||
|---|---|---|---|
| 008 | 120420s1981|||| d | ||
| 100 | 1 | _aPatáková, Marta - Rýzková, Anna | |
| 245 | 1 | 0 | _aPracovný výcvik v 5. - 8. ročníku základnej školy |
| 260 |
_bSlovenské pedagogické nakladateľstvo _aBratislava _c1981 |
||
| 020 | _c24 | ||
| 041 | _aslo | ||
| 044 |
_axo _cSK |
||
| 999 |
_c20181 _d20181 |
||